Missing Word: Oscar Nominated Directors Quiz Stats

Quiz Updated May 12, 2016

Challenge
Share
Tweet
Embed
Score 0/24 Timer 04:00
2 Plays Today
% Correct
Ryan
98.5%
List
98.4%
Hot
96.4%
Raiders
95.9%
Bull
95.3%
Ben
95%
Lives
93.5%
Heights
93.5%
Third
92.8%
Hall
90.6%
Night
90.4%
Wolf
90.4%
% Correct
Gangs
89.9%
Wonderful
87.8%
Washington
85.4%
BLVD
84.5%
Christ
84.2%
Take
83.9%
Paris
79.7%
Double
75.6%
Hannah
73.1%
Roman
71.1%
Lost
59.4%
Rose
47.3%

Today's Daily Dose

Quick Pick
Brass Quintet

On This Day
May 22nd II

You're not logged in!

Compare scores with friends on all Sporcle quizzes.
Join for Free
OR
Log In

You Might Also Like...

Show Comments

Extras

Top Quizzes Today


Score Distribution

Your Account Isn't Verified!

In order to create a playlist on Sporcle, you need to verify the email address you used during registration. Go to your Sporcle Settings to finish the process.

Report this User

Report this user for behavior that violates our Community Guidelines.

Details: